00760nam a2200229Ia 4500003000900000008004100009020003000050020003100080022002200111022002300133040001600156100002200172245004400194260005700238300002000295490002000315650003700335650002100372650005200393650001200445856007300457IN-BaIIA211028s9999 xx s 000 0 eng d a978-3-642-30498-9 (Print) a978-3-642-30499-6 (Online) a2190-5053 (Print) a2190-5061 (Online) cIIA Library aLevkivskyi, Ivan  0aMesoscopic Quantum Hall Effecth[eBook] aHeidelberg, BerlinbSpringer Berlin Heidelbergc2012 aOnline resource aSpringer Theses a Electronic Circuits and Devices a Quantum Physics a Strongly Correlated Systems, Superconductivity aPhysics uhttp://doi.org/10.1007/978-3-642-30499-6yClick Here to Access eBook